00673 2200229 4500001002100000005001700021008004100038035002400079040001200103082001500115084001500130090001900145090001900164245008800183260005500271300002200326650002900348850001200377990001800389990001800407990001800425INLIS00000000002385720161107094946.0  0010-111600000000111 aYOPDYOG 223a069.52 a069.52 Pam aNUS 069.52 Pam aBTR 069.52 Pam aPAMERAN khusus perhiasan tradisional Daerah Sumatera Utara, Aceh dan Sumatera Barat aMedanbMuseum Negeri Provinsi Sumatera Utarac1993 a51 hlm.c; 20 cm. aKoleksi Museum - Pameran aYOPDYOG a45862-PD/A.13 a53188-PD/A.16 a53189-PD/A.16